Nominacje do Złotej Piłki 2025 - Statystyki

Ogólne statystyki
  • Ten quiz został rozwiązany 102 razy
  • Średni wynik to 26 z 30
Statystyki odpowiedzi
Zawodnik Narodowość Klub % Poprawnych
Robert Lewandowski Polska FC Barcelona
99%
Lamine Yamal Hiszpania FC Barcelona
98%
Mohamed Salah Egipt Liverpool
95%
Ousmane Dembele Francja PSG
95%
Vinicius Junior Brazylia Real Madryt
95%
Achraf Hakimi Maroko PSG
94%
Erling Haaland Norwegia Manchester City
94%
Harry Kane Anglia Bayern Monachium
94%
Pedri Hiszpania FC Barcelona
94%
Jude Bellingham Anglia Real Madryt
91%
Khvicha Kvaratskhelia Gruzja PSG
91%
Kylian Mbappe Francja Real Madryt
91%
Lautaro Martinez Argentyna Inter Mediolan
91%
Florian Wirtz Niemcy Bayer Leverkusen / Liverpool
90%
Raphinha Brazylia FC Barcelona
89%
Gianluigi Donnarumma Włochy PSG
88%
Viktor Gyökeres Szwecja Sporting Lizbona / Arsenal Londyn
86%
Cole Palmer Anglia Chelsea Londyn
85%
Vitinha Portugalia PSG
85%
Virgil van Dijk Holandia Liverpool
83%
Alexis Mac Allister Argentyna Liverpool
81%
Desire Doue Francja PSG
81%
Michael Olise Francja Bayern Monachium
80%
Nuno Mendes Portugalia PSG
80%
Declan Rice Anglia Arsenal Londyn
75%
Serhou Guirassy Gwinea Borussia Dortmund
75%
Denzel Dumfries Holandia Inter Mediolan
72%
Scott McTominay Szkocja Napoli
72%
Joao Neves Portugalia PSG
70%
Fabian Ruiz Hiszpania PSG
69%
Nie znaleziono quizów pasujących do podanych kryteriów
Rozkład punktacji
Procent ludzi z każdym wynikiem
Percentyl według liczby udzielonych odpowiedzi
Twoja historia wyników
Nie rozwiązałeś tego quizu